[Event "4NCL 2011-12"]
[Site "Staverton Park ENG"]
[Date "2011.11.13"]
[Round "2.13.3"]
[White "Spence, David J"]
[Black "Dorrington, Chris J"]
[Result "0-1"]
[WhiteElo "2211"]
[BlackElo "2307"]
[WhiteTeam "Anglian Avengers"]
[BlackTeam "Barbican 4NCL 2"]
[WhiteFideId "407429"]
[BlackFideId "410462"]
[EventDate "2011.11.12"]

1. e4 c6 2. d4 d5 3. Nc3 dxe4 4. Nxe4 Nd7 5. Ng5 Ngf6 6. Bd3 e6 7. N1f3 Bd6 8.
Qe2 h6 9. Ne4 Nxe4 10. Qxe4 c5 11. Qg4 g5 12. dxc5 Nxc5 13. Bb5+ Bd7 14. Qd4 Ke7
15. Bxd7 Nxd7 16. O-O Qb6 17. Qe4 Nf6 18. Qe2 Qc7 19. g3 Rac8 20. c3 Qc4 21.
Qxc4 Rxc4 22. Be3 Ra8 23. Rad1 Nd5 24. Bc1 b5 25. Rfe1 Kd7 26. h4 gxh4 27. Nxh4
h5 28. Nf5 Rg8 29. Ne3 Nxe3 30. Rxe3 Kc6 31. Red3 Bc7 32. Kf1 h4 33. gxh4 Rxh4
34. Be3 f5 35. b4 a6 36. Bc5 Rh1+ 37. Ke2 Rxd1 38. Rxd1 Rd8 39. Rxd8 Bxd8 40.
Kd3 Kd5 41. f4 Bc7 42. Be3 e5 43. fxe5 Bxe5 44. a4 bxa4 45. c4+ Ke6 46. Kc2 Bd6
47. b5 axb5 48. cxb5 f4 49. Bf2 Kd5 50. b6 Kc4 51. Kb2 f3 52. Kc2 a3 53. b7 Be5
54. Be1 a2 55. b8=Q Bxb8 56. Kb2 Kd3 57. Kxa2 Ke2 58. Bh4 Kf1 59. Be7 Ba7 60.
Kb3 Kg2 61. Bh4 Bb8 0-1

[Event "4NCL 2011-12"]
[Site "Staverton Park ENG"]
[Date "2011.11.13"]
[Round "2.13.4"]
[White "Griffiths, Ryan Rhys"]
[Black "Gregory, Stephen J"]
[Result "1-0"]
[WhiteTitle "FM"]
[WhiteElo "2310"]
[BlackElo "2124"]
[WhiteTeam "Barbican 4NCL 2"]
[BlackTeam "Anglian Avengers"]
[WhiteFideId "2502054"]
[BlackFideId "410837"]
[EventDate "2011.11.12"]

1. c4 Nf6 2. g3 e5 3. Bg2 d6 4. Nc3 g6 5. e4 Bg7 6. Nge2 Nc6 7. d3 O-O 8. O-O a6
9. h3 Rb8 10. a4 Nd4 11. Nxd4 exd4 12. Ne2 Nd7 13. a5 b5 14. axb6 Rxb6 15. f4 f5
16. exf5 gxf5 17. Ra3 Kh8 18. Kh2 Re8 19. Ng1 Nc5 20. Qc2 Re7 21. Bd2 Qe8 22. b4
Nd7 23. c5 dxc5 24. bxc5 Rh6 25. Bf3 Nf6 26. Kg2 Ng4 27. hxg4 fxg4 28. Be4 Qh5
29. Rf2 Qh2+ 30. Kf1 Qxg3 31. Rb3 Bd7 32. Rb8+ Re8 33. Qb3 Rf6 34. c6 Rff8 35.
Rxe8 Bxe8 36. Qe6 Qh4 37. Bb4 Bf7 38. Qf5 Bg6 39. Qg5 Qxg5 40. fxg5 Rb8 41. Bxg6
hxg6 42. Be1 Rb6 43. Rc2 Be5 44. Ne2 Kg7 45. Bf2 Kf7 46. Nxd4 Rb1+ 47. Kg2 Rd1
48. Re2 Bd6 49. Re4 Rxd3 50. Rxg4 Be5 51. Nf3 Bd6 52. Ra4 Ra3 53. Rxa3 Bxa3 54.
Bg3 Ke6 55. Bxc7 Kd5 56. Nd4 Bb4 57. Be5 Ba5 58. Nb3 Bb6 59. c7 1-0

[Event "4NCL 2011-12"]
[Site "Staverton Park ENG"]
[Date "2011.11.13"]
[Round "2.13.5"]
[White "Munson, Shaun D"]
[Black "Franklin, Samuel G A"]
[Result "0-1"]
[WhiteElo "2201"]
[BlackElo "2179"]
[WhiteTeam "Anglian Avengers"]
[BlackTeam "Barbican 4NCL 2"]
[WhiteFideId "412511"]
[BlackFideId "468576"]
[EventDate "2011.11.12"]

1. d4 Nf6 2. Bg5 e6 3. e3 h6 4. Bh4 Be7 5. Nd2 d6 6. c3 O-O 7. Bd3 Nbd7 8. Ngf3
c5 9. O-O b6 10. e4 Bb7 11. Qe2 Nh5 12. Bxe7 Qxe7 13. g3 cxd4 14. cxd4 Nhf6 15.
Rac1 Rfc8 16. Ba6 Bxa6 17. Qxa6 Qf8 18. a3 Qd8 19. Rfd1 Rc7 20. Rc3 Rxc3 21.
bxc3 Qc8 22. Qd3 Qc6 23. c4 Rc8 24. Re1 e5 25. d5 Qa4 26. Nh4 Nc5 27. Qc3 Qd7
28. Nf5 g6 29. Nh4 Nh5 30. Qe3 Kh7 31. Qf3 Ng7 32. g4 Qe7 33. Qh3 Rf8 34. Re3
Kg8 35. Ng2 h5 36. gxh5 Nxh5 37. Qg4 Qf6 38. Rf3 Qg7 39. Qh4 Qh6 40. Re3 Kg7 41.
Qe7 Nf4 42. Nxf4 exf4 43. Rf3 g5 44. e5 g4 45. Rc3 f3 46. Nf1 Ne4 47. Ne3 Qf4
48. Rd3 Rh8 49. Nf1 Rxh2 50. Nxh2 g3 51. Nxf3 gxf2+ 52. Kg2 Qg3+ 53. Kf1 Qh3+ 0-1

[Event "4NCL 2011-12"]
[Site "Staverton Park ENG"]
[Date "2011.11.13"]
[Round "2.13.6"]
[White "Poobalasingam, Peter S"]
[Black "Merry, Alan B"]
[Result "1-0"]
[WhiteTitle "FM"]
[WhiteElo "2264"]
[BlackElo "2100"]
[WhiteTeam "Barbican 4NCL 2"]
[BlackTeam "Anglian Avengers"]
[WhiteFideId "410683"]
[BlackFideId "418811"]
[EventDate "2011.11.12"]

1. e4 Nc6 2. Nc3 e6 3. Nf3 Bb4 4. Bd3 Bxc3 5. dxc3 d6 6. Bg5 Nge7 7. Qd2 e5 8.
Bc4 Be6 9. Bxe6 fxe6 10. h4 h6 11. Be3 Ng8 12. Ng1 Nf6 13. f3 Qd7 14. O-O-O
O-O-O 15. g4 h5 16. Qg2 Rdf8 17. g5 Ng8 18. g6 Nge7 19. Ne2 Qe8 20. Rhg1 Kb8 21.
c4 Rf6 22. c5 Rxg6 23. Bg5 dxc5 24. f4 Nd4 25. fxe5 Nxe2+ 26. Qxe2 Nc6 27. Rgf1
b6 28. Rd3 Kb7 29. Ra3 a5 30. Rd3 Rf8 31. Rfd1 Nxe5 32. Rd8 Qf7 33. Rxf8 Qxf8
34. Rf1 Qh8 35. Qf2 Qh7 36. Qf4 Nc6 37. e5 Rxg5 38. hxg5 Nd4 39. Rf2 Qf5 40.
Qxf5 Nxf5 41. Rd2 Kc6 42. Rd8 c4 43. Kd1 h4 44. Ke2 h3 45. Kf2 h2 46. Kg2 Nh4+
47. Kxh2 Nf3+ 48. Kg3 Nxg5 49. Kf4 Nh3+ 50. Kg4 Nf2+ 51. Kg5 c3 52. bxc3 Ne4+
53. Kg6 Nxc3 54. Kf7 Nxa2 55. Kxe6 Nc3 56. Rd4 Kc5 57. Rd3 Ne2 58. Kf5 g6+ 59.
Ke4 g5 60. e6 Nf4 61. e7 Nh5 62. Ke5 Ng7 63. Rd8 a4 64. Kf6 a3 65. Kxg7 a2 1-0

[Event "4NCL 2011-12"]
[Site "Staverton Park ENG"]
[Date "2011.11.13"]
[Round "2.13.8"]
[White "Regan, Natasha K"]
[Black "Smith, Olivia"]
[Result "1/2-1/2"]
[WhiteTitle "WIM"]
[BlackTitle "WFM"]
[WhiteElo "2096"]
[BlackElo "2010"]
[WhiteTeam "Barbican 4NCL 2"]
[BlackTeam "Anglian Avengers"]
[WhiteFideId "403067"]
[BlackFideId "411850"]
[EventDate "2011.11.12"]

1. e4 e5 2. Nf3 Nf6 3. Nxe5 d6 4. Nf3 Nxe4 5. Nc3 Nxc3 6. dxc3 Nc6 7. Bf4 Qe7+
8. Qe2 Bg4 9. Qxe7+ Bxe7 10. Be2 O-O-O 11. h3 Bh5 12. Nd4 Nxd4 13. cxd4 Bxe2 14.
Kxe2 g5 15. Bd2 Bf6 16. Kd3 Rhe8 17. f4 gxf4 18. Bxf4 h5 19. Rae1 Rg8 20. Re2
Bh4 21. Rf1 f5 22. Bh2 Rdf8 23. Rf3 Bd8 24. d5 a6 25. a4 Kd7 26. c4 a5 27. Bg1 1/2-1/2

[Event "4NCL 2011-12"]
[Site "Staverton Park ENG"]
[Date "2011.11.13"]
[Round "2.14.1"]
[White "Cernousek, Lukas"]
[Black "Cobb, James"]
[Result "0-1"]
[WhiteTitle "IM"]
[BlackTitle "IM"]
[WhiteElo "2438"]
[BlackElo "2411"]
[WhiteTeam "The AD's"]
[BlackTeam "Bristol"]
[WhiteFideId "311707"]
[BlackFideId "1800949"]
[EventDate "2011.11.12"]

1. d4 Nf6 2. c4 e6 3. g3 d5 4. Nf3 dxc4 5. Bg2 Nc6 6. O-O a6 7. Bg5 Be7 8. e3
Nd5 9. Bxe7 Qxe7 10. Qc1 Nb6 11. Nbd2 Qb4 12. a3 Qb5 13. Qc2 O-O 14. Rfc1 e5 15.
a4 Qa5 16. Ng5 g6 17. Nxc4 Nxc4 18. Qxc4 exd4 19. Bd5 dxe3 20. b4 exf2+ 21. Kg2
Qxb4 22. Bxf7+ Kg7 23. Qxb4 f1=Q+ 24. Rxf1 Nxb4 25. Be6 Rxf1 26. Rxf1 Bxe6 27.
Nxe6+ Kg8 28. Nxc7 Rc8 29. Ne6 Re8 30. Nc5 b6 31. Nd7 Re6 32. Rf8+ Kg7 33. Rb8
Nd5 34. Kf3 a5 35. g4 h6 36. h4 Kf7 37. Rb7 Ke8 38. g5 hxg5 39. hxg5 Re7 40.
Nf6+ Nxf6 41. Rb8+ Kf7 42. gxf6 Re6 43. Rb7+ Kxf6 44. Kf4 g5+ 45. Kg4 Re4+ 46.
Kf3 Rb4 47. Ke3 Kf5 48. Kf3 Ke5 49. Ke3 Kd5 50. Kd3 Kc6 51. Rg7 g4 0-1

[Event "4NCL 2011-12"]
[Site "Staverton Park ENG"]
[Date "2011.11.13"]
[Round "2.14.2"]
[White "Rudd, Jack"]
[Black "Jirka, Jiri"]
[Result "0-1"]
[WhiteTitle "IM"]
[BlackTitle "IM"]
[WhiteElo "2290"]
[BlackElo "2415"]
[WhiteTeam "Bristol"]
[BlackTeam "The AD's"]
[WhiteFideId "405736"]
[BlackFideId "311731"]
[EventDate "2011.11.12"]

1. e4 e5 2. d4 exd4 3. Qxd4 Nc6 4. Qe3 Nf6 5. Nc3 Bb4 6. Bd2 O-O 7. O-O-O Re8 8.
Qg3 Rxe4 9. a3 Bd6 10. f4 Re8 11. Bd3 Bc5 12. Nf3 d5 13. f5 Bd7 14. Rde1 Nd4 15.
Bh6 Rxe1+ 16. Rxe1 Qf8 17. Bg5 Nxf3 18. gxf3 Re8 19. Rxe8 Nxe8 20. Nxd5 Bd6 21.
Qh4 f6 22. Be3 Bc5 23. Bd2 c6 24. Nf4 b5 25. c4 Qe7 26. cxb5 cxb5 27. Be4 Nc7
28. Ba5 Be3+ 29. Kb1 Be8 30. Qg3 Bb6 31. Bc3 Bf7 32. h4 Qd6 33. Kc2 Be3 34. Ne2
Qxg3 35. Nxg3 Bf2 36. Ne2 Bxh4 37. Bd4 a6 38. Bb6 Nd5 39. Ba5 Bf2 40. Kd3 h5 41.
Bd2 h4 42. Nf4 Nxf4+ 43. Bxf4 Bc4+ 44. Kd2 a5 0-1

[Event "4NCL 2011-12"]
[Site "Staverton Park ENG"]
[Date "2011.11.13"]
[Round "2.14.3"]
[White "Wheeler, Darren P"]
[Black "Beaumont, Chris R"]
[Result "1-0"]
[BlackTitle "IM"]
[WhiteElo "2272"]
[BlackElo "2279"]
[WhiteTeam "The AD's"]
[BlackTeam "Bristol"]
[WhiteFideId "410136"]
[BlackFideId "400424"]
[EventDate "2011.11.12"]

1. e4 g6 2. f4 d5 3. e5 c5 4. Nf3 Bg7 5. d4 cxd4 6. Qxd4 Nc6 7. Bb5 Bg4 8. Qa4
Bd7 9. Be3 Nh6 10. Nc3 Nf5 11. Bf2 a6 12. Bxc6 Bxc6 13. Qb4 d4 14. Nxd4 Nxd4 15.
Bxd4 Bxg2 16. Rg1 Bf3 17. Rg3 a5 18. Qb6 Qxb6 19. Bxb6 Bc6 20. Rd1 Bh6 21. Rd4
O-O 22. Rh3 Bg7 23. Nd5 Bxd5 24. Rxd5 Rfc8 25. c3 Rc4 26. Bd4 Rc7 27. a4 f6 28.
Ke2 fxe5 29. fxe5 h5 30. Rf3 Rc6 31. Rd7 Re6 32. Rxb7 Rf8 33. Rxf8+ Kxf8 34. Rb5
Ra6 35. Ke3 Kf7 36. Ke4 Ke6 37. h3 g5 38. Bb6 g4 39. hxg4 hxg4 40. Kf4 g3 41.
Bd4 g2 42. Kf3 Kf5 43. Kxg2 Ke4 44. Rb6 Ra8 45. Rg6 Bh8 46. Re6 Rb8 47. Rb6 Rg8+
48. Kf2 Rg5 49. Rh6 Bg7 50. Re6 Bf8 51. Ra6 Rh5 52. Rxa5 Rh2+ 53. Kg3 Rxb2 54.
e6 Ra2 55. Re5+ Kd3 56. Rh5 Rxa4 57. Rh8 Ra8 58. Bg7 Ra6 59. Rxf8 Rxe6 60. Kf4
Re1 61. Rd8+ Kc4 62. Be5 Rf1+ 63. Ke4 1-0

[Event "4NCL 2011-12"]
[Site "Staverton Park ENG"]
[Date "2011.11.13"]
[Round "2.14.4"]
[White "Buckley, David E"]
[Black "Snape, Ian L"]
[Result "1-0"]
[WhiteElo "2245"]
[BlackElo "2231"]
[WhiteTeam "Bristol"]
[BlackTeam "The AD's"]
[WhiteFideId "407437"]
[BlackFideId "404489"]
[EventDate "2011.11.12"]

1. d4 c5 2. d5 g6 3. e4 d6 4. Bb5+ Bd7 5. a4 Bg7 6. Nc3 Nf6 7. Nf3 O-O 8. O-O
Bg4 9. Re1 Nbd7 10. h3 Bxf3 11. Qxf3 a6 12. Bf1 Qc7 13. Bf4 Rab8 14. Rad1 c4 15.
b4 cxb3 16. cxb3 Nh5 17. Bd2 Rbc8 18. Rc1 Qb6 19. Rb1 Qd4 20. Red1 Rxc3 21. Bxc3
Qxc3 22. Qxc3 Bxc3 23. Rdc1 Bf6 24. b4 Nb6 25. a5 Na4 26. Rc7 Rb8 27. Rbc1 Kg7
28. Rc8 Rxc8 29. Rxc8 Bc3 30. Rc7 Nf6 31. Rxb7 Nxe4 32. Bxa6 Bd4 33. Rxe7 Nxf2
34. Kf1 Nc3 35. Bc4 Nfe4 36. Rc7 Nd2+ 37. Ke1 Nxc4 38. Rxc4 Nb5 39. Ke2 Kf6 40.
Kd3 Ba7 41. Re4 h5 42. Re1 h4 43. Re4 g5 44. Re1 Bb8 45. Ra1 Ke5 46. Kc4 Nc7 47.
b5 Kf4 48. b6 Kg3 49. a6 Nxa6 50. Rxa6 Kxg2 51. Ra8 f5 52. Rxb8 f4 53. Rg8 f3
54. Rxg5+ Kxh3 55. Kd3 Kh2 56. b7 1-0

[Event "4NCL 2011-12"]
[Site "Staverton Park ENG"]
[Date "2011.11.13"]
[Round "2.14.5"]
[White "Anderton, David W"]
[Black "Collier, David O"]
[Result "1-0"]
[WhiteTitle "CM"]
[WhiteElo "2221"]
[BlackElo "2138"]
[WhiteTeam "The AD's"]
[BlackTeam "Bristol"]
[WhiteFideId "401668"]
[BlackFideId "406422"]
[EventDate "2011.11.12"]

1. d4 Nf6 2. c4 e6 3. Nc3 Bb4 4. Qc2 O-O 5. a3 Bxc3+ 6. Qxc3 b5 7. cxb5 c6 8.
Bg5 Bb7 9. Nf3 cxb5 10. e3 a6 11. Bd3 h6 12. Bh4 d6 13. O-O g5 14. Bg3 Nd5 15.
Qc2 Nc6 16. e4 Nf6 17. d5 exd5 18. exd5 Ne7 19. h4 g4 20. Nd4 Bxd5 21. Rae1 Qb6
22. Qd2 Kg7 23. Bb1 Nfg8 24. Rxe7 Nxe7 25. Re1 Be6 26. Nxe6+ fxe6 27. Rxe6 Ng8
28. Rg6+ 1-0

[Event "4NCL 2011-12"]
[Site "Staverton Park ENG"]
[Date "2011.11.13"]
[Round "2.14.6"]
[White "Curtis, John E"]
[Black "Swindells, Jonathan E"]
[Result "1/2-1/2"]
[WhiteElo "2116"]
[BlackElo "2178"]
[WhiteTeam "Bristol"]
[BlackTeam "The AD's"]
[WhiteFideId "411892"]
[BlackFideId "421863"]
[EventDate "2011.11.12"]

1. d4 Nf6 2. Nf3 g6 3. Bg5 Bg7 4. Nbd2 d6 5. e4 c6 6. c3 h6 7. Bh4 O-O 8. Be2 a5
9. a4 Na6 10. O-O Nh5 11. Re1 Qc7 12. Qc2 e5 13. dxe5 dxe5 14. Rad1 Be6 15. Bc4
Rfe8 16. Bxe6 Rxe6 17. Nc4 Nc5 18. Rd2 Bf6 19. Bxf6 1/2-1/2

[Event "4NCL 2011-12"]
[Site "Staverton Park ENG"]
[Date "2011.11.13"]
[Round "2.14.8"]
[White "Roberts, Lynda"]
[Black "Bellin, Jana M"]
[Result "1/2-1/2"]
[BlackTitle "WGM"]
[WhiteElo "1960"]
[BlackElo "2133"]
[WhiteTeam "Bristol"]
[BlackTeam "The AD's"]
[WhiteFideId "1800191"]
[BlackFideId "402168"]
[EventDate "2011.11.12"]

1. e4 c5 2. Nc3 a6 3. g3 Nc6 4. Bg2 g6 5. d3 Bg7 6. Be3 d6 7. Qd2 e6 8. Nf3 Nd4
9. Nd1 Ne7 10. c3 Nxf3+ 11. Bxf3 h5 12. h4 Nc6 13. Bg2 Qa5 14. f4 Bd7 15. O-O
O-O-O 16. a3 Kb8 17. Nf2 Rc8 18. b4 cxb4 19. axb4 Qc7 20. Ra3 Ne7 21. d4 d5 1/2-1/2

[Event "4NCL 2011-12"]
[Site "Staverton Park ENG"]
[Date "2011.11.13"]
[Round "2.15.1"]
[White "Jones, Gawain C B"]
[Black "Lalic, Bogdan"]
[Result "1-0"]
[WhiteTitle "GM"]
[BlackTitle "GM"]
[WhiteElo "2635"]
[BlackElo "2454"]
[WhiteTeam "White Rose"]
[BlackTeam "Wood Green Hilsmark"]
[WhiteFideId "409561"]
[BlackFideId "409081"]
[EventDate "2011.11.12"]

1. e4 e5 2. Nf3 Nf6 3. d4 exd4 4. e5 Ne4 5. Qxd4 d5 6. exd6 Nxd6 7. Nc3 Nc6 8.
Qf4 Nf5 9. Bb5 Bd6 10. Qe4+ Ne7 11. Bg5 f6 12. Bf4 Bf5 13. Qe3 Bxf4 14. Qxf4 O-O
15. Bxc6 bxc6 16. Qc4+ Kh8 17. Nd4 Qd6 18. O-O-O Qf4+ 19. Kb1 Rfd8 20. g3 Qxf2
21. Rhf1 Qxh2 22. Nxf5 Rxd1+ 23. Nxd1 Nxf5 24. Rxf5 Rd8 25. Rf1 Qxg3 26. Qxc6 h5
27. a4 h4 28. Nc3 h3 29. Qf3 Qg2 30. Qh5+ Kg8 31. Rf3 g6 32. Qxh3 Qxh3 33. Rxh3
f5 34. Kc1 f4 35. Rh4 Rf8 36. Kd2 Kg7 37. Rg4 Kh6 38. Ke2 g5 39. Ne4 Rf5 40. Kf3
Kh5 41. b4 c6 42. c4 Re5 43. Rxg5+ Rxg5 44. Nxg5 Kxg5 45. b5 cxb5 46. cxb5 Kf5
47. a5 Ke5 48. b6 axb6 49. a6 1-0

[Event "4NCL 2011-12"]
[Site "Staverton Park ENG"]
[Date "2011.11.13"]
[Round "2.15.2"]
[White "Pert, Richard G"]
[Black "Wells, Peter K"]
[Result "1/2-1/2"]
[WhiteTitle "IM"]
[BlackTitle "GM"]
[WhiteElo "2455"]
[BlackElo "2492"]
[WhiteTeam "Wood Green Hilsmark 1"]
[BlackTeam "White Rose"]
[WhiteFideId "404748"]
[BlackFideId "400327"]
[EventDate "2011.11.12"]

1. d4 Nf6 2. Bg5 Ne4 3. Bf4 d5 4. e3 c5 5. Bd3 Nf6 6. c3 Nc6 7. Nd2 Bg4 8. Ngf3
e6 9. O-O Be7 10. h3 Bh5 11. Qb3 Qc8 12. dxc5 Nd7 13. Bd6 Bxd6 14. cxd6 Nc5 15.
Qb5 Nxd3 16. Qxd3 Qd7 17. c4 Qxd6 18. cxd5 Qxd5 19. Qxd5 exd5 20. Rac1 1/2-1/2

[Event "4NCL 2011-12"]
[Site "Staverton Park ENG"]
[Date "2011.11.13"]
[Round "2.15.3"]
[White "Palliser, Richard J D"]
[Black "Trent, Lawrence"]
[Result "1-0"]
[WhiteTitle "IM"]
[BlackTitle "IM"]
[WhiteElo "2447"]
[BlackElo "2433"]
[WhiteTeam "White Rose"]
[BlackTeam "Wood Green Hilsmark 2"]
[WhiteFideId "407372"]
[BlackFideId "408638"]
[EventDate "2011.11.12"]

1. d4 Nf6 2. c4 g6 3. Nc3 Bg7 4. e4 d6 5. Nge2 a6 6. Ng3 Nc6 7. d5 Nb8 8. Be2
O-O 9. Bg5 h6 10. Be3 c6 11. f4 h5 12. a4 a5 13. Bd4 e5 14. dxe6 c5 15. exf7+
Rxf7 16. Bxc5 h4 17. e5 hxg3 18. exf6 Bxf6 19. Qxd6 Nd7 20. O-O-O Ra6 21. Qd5
Bxc3 22. bxc3 Qf6 23. Bd4 Qxf4+ 24. Kb2 Nf6 25. hxg3 Qxg3 26. Qd8+ Rf8 27. Rh8+ 1-0

[Event "4NCL 2011-12"]
[Site "Staverton Park ENG"]
[Date "2011.11.13"]
[Round "2.15.5"]
[White "Adair, James R"]
[Black "Pein, Malcolm"]
[Result "1-0"]
[BlackTitle "IM"]
[WhiteElo "2247"]
[BlackElo "2382"]
[WhiteTeam "White Rose"]
[BlackTeam "Wood Green Hilsmark 2"]
[WhiteFideId "406252"]
[BlackFideId "400289"]
[EventDate "2011.11.12"]

1. e4 d6 2. d4 g6 3. Nc3 Bg7 4. f4 Nf6 5. Nf3 c5 6. dxc5 Qa5 7. Qd4 dxc5 8. Qc4
O-O 9. e5 Be6 10. Qa4 Qxa4 11. Nxa4 Nfd7 12. Be3 Rc8 13. Ng5 Bf5 14. Bc4 e6 15.
O-O-O h6 16. Nf3 Nb6 17. Nxb6 axb6 18. Nd2 Nc6 19. Rhg1 Nb4 20. a3 Nxc2 21. Bf2
Nd4 22. Rde1 b5 23. Bf1 b4 24. g4 bxa3 25. bxa3 Bc2 26. Nc4 Bb3 27. Nb6 Rd8 28.
Nxa8 Rxa8 29. Rg3 Bd5 30. Rd1 g5 31. Bxd4 gxf4 32. Rgd3 cxd4 33. Re1 Bc4 34.
Rxd4 Bxf1 35. Rxf1 Bxe5 36. Re4 Bd6 37. a4 b5 38. Rd1 Be7 39. axb5 Ra1+ 40. Kc2
Ra2+ 41. Kb3 Rxh2 42. Rd7 Rh3+ 43. Kc4 Bf6 44. Rxf4 Kg7 45. b6 Rc3+ 46. Kb5 Be5
47. Rfxf7+ Kg6 48. Rf8 Kg5 49. Rg8+ Kh4 50. Re7 Bf4 51. Rxe6 Rb3+ 52. Kc4 Rb1
53. Rg7 Kg3 54. b7 Rc1+ 55. Kd5 Rd1+ 56. Ke4 Rb1 57. Rc6 Re1+ 58. Kd5 Rd1+ 59.
Ke6 Rb1 60. Rc3+ Kh4 61. Rf3 Bh2 62. Rf5 Bb8 63. Kd5 Kg3 64. Kc6 Bf4 65. Rb5
Rc1+ 66. Kd5 Rd1+ 67. Ke4 Re1+ 68. Kf5 1-0

[Event "4NCL 2011-12"]
[Site "Staverton Park ENG"]
[Date "2011.11.13"]
[Round "2.15.6"]
[White "Briscoe, Chris"]
[Black "Townsend, M Paul"]
[Result "1-0"]
[WhiteTitle "CM"]
[WhiteElo "2220"]
[BlackElo "2255"]
[WhiteTeam "Wood Green Hilsmark 2"]
[BlackTeam "White Rose"]
[WhiteFideId "408360"]
[BlackFideId "402320"]
[EventDate "2011.11.12"]

1. d4 Nf6 2. c4 c5 3. d5 e5 4. Nc3 d6 5. e4 Nbd7 6. Bd3 Be7 7. Nge2 g6 8. Bh6
Ng4 9. Bd2 Bg5 10. Nb5 Bxd2+ 11. Qxd2 Nb6 12. O-O a6 13. Nbc3 O-O 14. h3 Nf6 15.
a3 Nbd7 16. Kh2 Nh5 17. g4 Ng7 18. Qh6 Kh8 19. b4 b6 20. Rab1 Nf6 21. f3 Ng8 22.
Qe3 f5 23. gxf5 gxf5 24. f4 fxe4 25. Bxe4 Nf5 26. Bxf5 Bxf5 27. Ne4 Qh4 28. Rb3
Bxe4 29. Qxe4 Rae8 30. Qf3 Nh6 31. bxc5 bxc5 32. Rb6 Nf5 33. Qf2 Qxf2+ 34. Rxf2
exf4 35. Nxf4 Ne3 36. Rxd6 Re4 37. Ng6+ hxg6 38. Rxf8+ Kg7 39. Rff6 Rxc4 40.
Rxg6+ Kf7 41. Rdf6+ Ke7 42. d6+ 1-0

[Event "4NCL 2011-12"]
[Site "Staverton Park ENG"]
[Date "2011.11.13"]
[Round "2.15.7"]
[White "Croad, Nicolas"]
[Black "Hegarty, Sarah N"]
[Result "1/2-1/2"]
[WhiteTitle "FM"]
[BlackTitle "WFM"]
[WhiteElo "2292"]
[BlackElo "2060"]
[WhiteTeam "White Rose"]
[BlackTeam "Wood Green Hilsmark"]
[WhiteFideId "4300793"]
[BlackFideId "2501465"]
[EventDate "2011.11.12"]

1. d4 Nf6 2. c4 c5 3. d5 e6 4. Nc3 exd5 5. cxd5 d6 6. e4 g6 7. h3 Bg7 8. Nf3 O-O
9. Bd3 b5 10. Bxb5 Nxe4 11. Nxe4 Qa5+ 12. Nfd2 Qxb5 13. Nxd6 Qa6 14. N2c4 Nd7
15. O-O Nb6 16. Nxb6 Qxb6 17. Nxc8 Raxc8 18. Rb1 Rfd8 19. Bg5 Rd7 20. Re1 Qb7
21. d6 Bf8 22. Re3 Rxd6 23. Qe2 Qa6 24. b3 Qxe2 25. Rxe2 Rdc6 26. Be3 a6 27. Rc2
c4 28. Rxc4 Rxc4 29. bxc4 Rxc4 30. g4 Ra4 31. Rb2 h6 32. Kg2 Kg7 33. Kf3 Bd6 34.
Rc2 Be5 35. Ke2 Bf4 36. Bc5 Kf6 37. Kf3 Kg7 38. Rc3 Be5 39. Ra3 Rxa3+ 40. Bxa3
Kf6 41. Ke4 Ke6 42. f3 1/2-1/2

[Event "4NCL 2011-12"]
[Site "Staverton Park ENG"]
[Date "2011.11.13"]
[Round "2.16.1"]
[White "Turner, Matthew J"]
[Black "Hawkins, Jonathan"]
[Result "0-1"]
[WhiteTitle "GM"]
[BlackTitle "IM"]
[WhiteElo "2516"]
[BlackElo "2480"]
[WhiteTeam "Barbican 4NCL 1"]
[BlackTeam "Cheddleton"]
[WhiteFideId "402893"]
[BlackFideId "412686"]
[EventDate "2011.11.12"]

1. e4 e5 2. Nc3 Nf6 3. g3 Nc6 4. Bg2 Bc5 5. Nge2 a6 6. h3 d6 7. d3 Be6 8. Nd5 h6
9. O-O Bxd5 10. exd5 Ne7 11. d4 exd4 12. Nxd4 Qd7 13. c4 O-O 14. Qd3 Rfe8 15. b3
Ng6 16. Bb2 Ne5 17. Qc2 b5 18. cxb5 axb5 19. f4 Ng6 20. Kh2 Ne7 21. Rae1 Nexd5
22. Rxe8+ Rxe8 23. Nf5 Qe6 24. Bf3 b4 25. g4 Ne3 26. Nxe3 Bxe3 27. f5 Qe7 28.
Kg2 Bc5 29. h4 Ne4 30. f6 Nxf6 31. Bxf6 gxf6 32. Bd5 Qe2+ 33. Qxe2 Rxe2+ 34. Kg3
Kg7 35. g5 hxg5 36. hxg5 Bd4 37. Kg4 Rxa2 38. gxf6+ Bxf6 39. Kf5 Ra5 40. Ke4 Rc5 0-1

[Event "4NCL 2011-12"]
[Site "Staverton Park ENG"]
[Date "2011.11.13"]
[Round "2.16.2"]
[White "Hebden, Mark L"]
[Black "Parker, Jonathan F"]
[Result "1/2-1/2"]
[WhiteTitle "GM"]
[BlackTitle "GM"]
[WhiteElo "2515"]
[BlackElo "2531"]
[WhiteTeam "Cheddleton"]
[BlackTeam "Barbican 4NCL 1"]
[WhiteFideId "400084"]
[BlackFideId "400580"]
[EventDate "2011.11.12"]

1. d4 d5 2. Nf3 Nf6 3. c4 e6 4. Bg5 h6 5. Bxf6 Qxf6 6. Nc3 Bb4 7. e3 O-O 8. Rc1
dxc4 9. Bxc4 c5 10. dxc5 Bxc5 11. O-O Qe7 12. Ne4 Rd8 13. Qc2 Bb6 14. Rfd1 Nc6
15. Rxd8+ Bxd8 16. Bb5 Bd7 17. Qd2 Ba5 18. Qd6 Bb4 19. Qxe7 Bxe7 20. Nc5 Bxc5
21. Rxc5 Rc8 22. a3 b6 23. Rc3 Nb8 24. Rxc8+ Bxc8 25. Kf1 Kf8 1/2-1/2

[Event "4NCL 2011-12"]
[Site "Staverton Park ENG"]
[Date "2011.11.13"]
[Round "2.16.3"]
[White "Collins, Sam E."]
[Black "Gormally, Daniel W"]
[Result "1/2-1/2"]
[WhiteTitle "IM"]
[BlackTitle "GM"]
[WhiteElo "2426"]
[BlackElo "2520"]
[WhiteTeam "Barbican 4NCL 1"]
[BlackTeam "Cheddleton"]
[WhiteFideId "2501198"]
[BlackFideId "406465"]
[EventDate "2011.11.12"]

1. e4 c5 2. c3 d6 3. d4 Nf6 4. Bd3 g6 5. dxc5 dxc5 6. e5 Nd5 7. Be4 e6 8. Nf3
Nc6 9. c4 Nde7 10. Qxd8+ Nxd8 11. Nc3 Bd7 12. Nb5 Bxb5 13. cxb5 a6 14. bxa6 Rxa6
15. Bd3 Ra8 16. Ng5 Bg7 17. Ne4 Bxe5 18. Nxc5 Bd4 19. Bb5+ Kf8 20. Nb3 Bf6 21.
Nc5 Bd4 22. Nb3 Bf6 1/2-1/2